000 01181cab a2200253 4500
001 ABS51443
008 090401t1994 xxu||||| |||| 00| 0 eng d
035 _a(Sirsi) u27150
041 _aeng
100 _aWinter, P.
245 _aPlanning and sustainability: an examination of the role of the planning system as an instrument for the delivery of sustainable development
260 _c1994
350 _a0
490 _aJournal of Planning and Environment Law
_vOctober 1994, 883-900(18)
520 _aExamines the goals and principles of sustainable development, provides an overview of the planning process to identify areas where sustainabiity applies to the decision-making process, assesses European influence on the UK planning process and `goals of sustainability` by referring to specific examples of planning policy to assess achievements to date and possible legal changes to reinforce committment to sustainable development.
650 _aDECISION-MAKING
650 _aGOALS
650 _aPLANNING POLICY
650 _aPLANNING PROCESS
650 _aSUSTAINABLE DEVELOPMENT
690 _aPLANNING LAW AND PRACTICE
942 _n0
948 _c04/03/1997
999 _c18283
_d18283